| 000 | 00911nam a22002777a 4500 | ||
|---|---|---|---|
| 999 |
_c43013 _d43013 |
||
| 001 | 14100 | ||
| 003 | CO-MdFUSB | ||
| 005 | 20190202100317.0 | ||
| 008 | 180313s1969 stk||||| |||| 00| 0 spa d | ||
| 020 | _a0-85151-706-4 : Donación | ||
| 040 |
_aCO-MdFUSB _bspa _cCO-MdFUSB _dCO-MdFUSBC _erda |
||
| 041 | 0 | _aspa | |
| 082 | 0 | 4 | _aG 227.2 H6881d |
| 100 | 1 |
_aHodge, Charles (1797-1878) _eautor |
|
| 245 | 0 |
_aComentario de primera de Corintios _c/ Charles Hodge ; traducido por José María Blanch |
|
| 264 | 1 |
_aRoad, Edinburgo : _bEl Estandarte de la Verdad, _c[1969] |
|
| 300 | _a345 p. | ||
| 336 |
_2rdacontent _atexto _btxt |
||
| 337 |
_2rdamedia _asin mediación _bn |
||
| 338 |
_2rdacarrier _avolumen _bnc |
||
| 500 | _aTítulo extraído de la pasta del libro | ||
| 650 | 0 |
_aBiblia _916 |
|
| 653 | _aBiblia N.T. - 1 Corintios - Comentarios | ||
| 653 | _aBiblia - Comentarios - 1 Corintios | ||
| 942 | _cBK | ||